000 00317nam a2200133Ia 4500
008 220216s9999 xx 000 0 und d
245 0 _aNR: Plans for the future
260 _bRubber Asia
_c2014
300 _a174-176
500 _aSource Year: 2014
650 _aNatural rubber
650 _aSri Lanka
942 _cJS
999 _c64204
_d64204